000 00582nam a2200229Ia 4500
008 180803s9999 xx 000 0 und d
020 _a9780590275682
050 _bG448 1994
100 _aGibson, Akimi.
245 0 _aSmall treasures/
245 0 _cwritten by Akimi Gibson ; illustrated by Elivia Savadier.
260 _aNew York, New York :
260 _bScholastic,
260 _c1994
300 _a16 pages :
300 _bcolored ;
300 _c19cm.
500 _a180
650 _aSouvenirs (Keepsakers).
700 _aSavadier, Elivia.
700 _aTitle.
999 _c358292
_d358292